People and development
Salvato in:
| Autore principale: | |
|---|---|
| Natura: | Libro |
| Lingua: | inglese |
| Pubblicazione: |
Washington, D.C.
Board of Governors
1996
|
| Soggetti: | |
| Tags: |
Nessun Tag, puoi essere il primo ad aggiungerne!!
|
MARC
| LEADER | 00000nam a2200000 4500 | ||
|---|---|---|---|
| 001 | c108915 | ||
| 005 | 20221123123935.7 | ||
| 020 | |a 0-8213-3842-0 | ||
| 041 | 0 | |a eng | |
| 044 | |a US | ||
| 245 | 1 | 0 | |a People and development |c [President the World Bank Group: James D. Wolfensohn] |
| 264 | 1 | |a Washington, D.C. |b Board of Governors |c 1996 | |
| 300 | |a 17 s. | ||
| 610 | 2 | 0 | |a banky |
| 610 | 2 | 0 | |a spolupráca medzinárodná |
| 610 | 2 | 0 | |a obchody bankové |
| 610 | 2 | 0 | |a zadlženosť |
| 610 | 2 | 0 | |a krajiny rozvojové |
| 610 | 2 | 0 | |a sektor súkromný |
| 610 | 2 | 0 | |a programy rozvojové |
| 610 | 2 | 0 | |a kultúra práce |
| 610 | 2 | 0 | |a paradigma |
| 610 | 2 | 0 | |a politika obchodná |
| 610 | 2 | 0 | |a Svetová banka |
| 100 | 1 | |a Wolfensohn, James D. | |